01244cam a2200241 a 450000500170000002000290001704000330004608200200007910000170009924500760011626000550019230000280024750400660027550504350034154600090077665000310078565000230081665000250083965000130086465000230087765000450090085600570094520251006095442.0 a9966723714cTZS 86,450/= aMCCLbeng.eAACR2nd rev. ed. a3340.023678 TWA1 aTwaib, Fauz.14aThe legal profession in Tanzania :bthe law and practice /cFauz Twaib. aDar es Salaam, Tanzania ;bLawAfrica Pub.,cc2008. axxxii, 375 p. ;c21 cm. aIncludes bibliographical references ([p. 357]-370) and index. aIntroduction Background to the legal profession in Tanzania The concept of justice and the underlying principles of the professional system The role and function of the legal profession The supply of legal services and legal aid Legal education and the qualifying process The organisation of the legal profession and the its services Professional conduct, ethics and discipline The legal profession in Zanzibar General conclusions aeng. 0aPractice of lawzTanzania. 0aLawyerszTanzania. 0aLegal aidzTanzania. 0aLawyers  0a Lawyers Tanzania  0aPractice of law Practice of law Tanzania41uhttp://www.loc.gov/catdir/toc/fy0804/2008349112.html